000 02694nam0a2200433 4500
001 RU\NLR\bibl\926444
005 20260405101118.0
010 _a5-7544-0255-4
_9250
021 _aRU
_b2006-2446
_9110
035 _a(nilc)EL/0000038083
035 _a(NLR Aleph) 000914695
090 _a61819
_c61819
100 _a20051122d2004 |||y0rusy50 ca
101 0 _arus
102 _aRU
105 _aa |||||||||
135 _acrmn mmmanaba
200 1 _aРадиационные аварии и ликвидация их последствий в агросфере
_fБ.Н. Анненков, А.В. Егоров, Р.Г. Ильязов
_gпод ред. засл. деятеля науки Рос. Федерации, проф. Б.Н. Анненкова
_gАкад. наук Респ. Татарстан
210 _aКазань
_cФэн
_cАкадемия наук РТ
_d2004
215 _a407 с.
_cтабл.
_d22
320 _aБиблиогр.: с. 389-402 (215 назв.)
325 1 _aКопия доступна в электронной библиотеке РНБ
606 1 _aСельское хозяйство
_xВедение в условиях радиоактивного загрязнения
_92170059
_3RU\NLR\auth\661305446
610 0 _aзагрязнение окружающей среды
_aрадиоактивное загрязнение
_aаварии
_aЧернобыльская АЭС
_aрадионуклиды
_aнакопление
_aсельскохозяйственные культуры
_aсельскохозяйственные животные
_aионизирующее излучение
_aсельскохозяйственное производство
686 _aП015
700 1 _4070
_8rus
_7ca
_aАнненков
_bБ. Н.
_cд-р биол. наук
_gБорис Николаевич
_3RU\NLR\auth\7737130
_920119
701 1 _4070
_8rus
_7ca
_aЕгоров
_bА. В.
_cканд. биол. наук
_gАркадий Васильевич
_3RU\NLR\auth\7737132
_920121
701 1 _4070
_8rus
_7ca
_aИльязов
_bР. Г.
_f1954-
_gРоберт Гиниятуллович
_3RU\NLR\auth\7737136
_920125
801 0 _aRU
_bЦНСХБ РАСХН
_c20051122
_gPSBO
801 1 _aRU
_bЦНСХБ РАСХН
_c20051122
801 2 _aRU
_bNLR
_c20060404
_grcr
830 _aпо кн
901 _eКнижные издания
942 _cBOOK
980 _aNB
980 _aNBR
981 1 3 _a(13) Документы, защищенные авторским правом
_b(13) Современная научная, научно-популярная и популярная л